[Event "FIDE World Rapid-ch Open 2018"]
[White "Pershin, Denis"]
[Black "Mikhalevski, Victor"]
[Site "St. Petersburg"]
[Round "14.77"]
[Annotator "ChessBase"]
[Result "0-1"]
[Date "2018.12.28"]
[WhiteElo "2400"]
[BlackElo "2579"]
[PlyCount "66"]
[TimeControl "900+10"]

1. d4 {[%emt 0:0:0]} Nf6 {[%emt 0:0:0]} 2. Nc3 {[%emt 0:0:0]} d5 {[%emt 0:0:0]
} 3. Bf4 {[%emt 0:0:0]} c5 {[%emt 0:0:15]} 4. e3 {[%emt 0:0:0]} Bg4 {[%emt 0:0:4]} 5. f3 {[%emt 0:0:1]} Bd7 {[%emt 0:0:3]} 6. dxc5 {[%emt 0:1:34]
} Qa5 {[%emt 0:1:17]} 7. Qd2 {[%emt 0:0:2]} Qxc5 {[%emt 0:0:0]} 8. 0-0-0 {[%emt 0:0:2]} Nc6 {[%emt 0:1:6]} 9. Nxd5 {[%emt 0:0:48]} Qxd5 {[%emt 0:0:9]} 10. Qxd5 {[%emt 0:0:2]} Nxd5 {[%emt 0:0:1]} 11. Rxd5 {[%emt 0:0:1]} e5 {[%emt 0:0:1]} 12. Bg3 {[%emt 0:0:18]} Be6 {[%emt 0:0:0]} 13. Rb5 {[%emt 0:1:53]} 0-0-0 {[%emt 0:0:7]} 14. c4 {[%emt 0:0:22]} Bb4 {[%emt 0:1:7]} 15. Rxb4 {[%emt 0:3:20]} Nxb4 {[%emt 0:0:4]} 16. Bxe5 {[%emt 0:0:1]
} Nxa2+ {[%emt 0:0:44]} 17. Kc2 {[%emt 0:0:1]} Nb4+ {[%emt 0:0:0]} 18. Kc3 {[%emt 0:0:1]} Na2+ {[%emt 0:1:52]} 19. Kc2 {[%emt 0:0:36]} Nb4+ {[%emt 0:0:57]} 20. Kc3 {[%emt 0:0:2]} Rd1 {[%emt 0:0:7]} 21. Ne2 {[%emt 0:2:48]
} f6 {[%emt 0:0:47]} 22. Bd4 {[%emt 0:0:49]} a5 {[%emt 0:0:15]
} 23. Ng3 {[%emt 0:0:51]} Rc1+ {[%emt 0:1:23]} 24. Kb3 {[%emt 0:0:37]} b5 {[%emt 0:0:19]
} 25. Be2 {[%emt 0:0:2]} Rc2 {[%emt 0:1:54]} 26. Ka3 {[%emt 0:0:0]} Kb7 {[%emt 0:1:37]} 27. cxb5 {[%emt 0:0:30]} Rhc8 {[%emt 0:0:28]} 28. Rd1 {[%emt 0:1:33]} Rc1 {[%emt 0:0:23]} 29. Ka4 {[%emt 0:0:42]} Rxd1 {[%emt 0:0:17]
} 30. Bxd1 {[%emt 0:0:1]} Rc1 {[%emt 0:0:1]} 31. Kxa5 {[%emt 0:0:0]
} Nd3 {[%emt 0:0:49]} 32. Ba4 {[%emt 0:0:19]} Rc8 {[%emt 0:0:0]} 33. b6 {[%emt 0:0:18]} Bc4 {[%emt 0:0:4]} 0-1

[Event "FIDE World Rapid-ch Open 2018"]
[White "Anisimov, Pavel"]
[Black "Anikonov, Dmitry"]
[Site "St. Petersburg"]
[Round "14.78"]
[Annotator "ChessBase"]
[Result "0-1"]
[Date "2018.12.28"]
[WhiteElo "2533"]
[BlackElo "2371"]
[PlyCount "149"]
[TimeControl "900+10"]

1. d4 {[%emt 0:0:0]} e6 {[%emt 0:0:0]} 2. Nf3 {[%emt 0:0:0]} d5 {[%emt 0:0:0]} 3. Bf4 {[%emt 0:0:0]} Nf6 {[%emt 0:0:17]} 4. e3 {[%emt 0:0:0]} Bd6 {[%emt 0:0:8]} 5. Bg3 {[%emt 0:0:2]} 0-0 {[%emt 0:0:8]} 6. Nbd2 {[%emt 0:0:0]} c5 {[%emt 0:0:27]} 7. c3 {[%emt 0:0:2]} Nc6 {[%emt 0:0:15]} 8. Bd3 {[%emt 0:0:1]} Qe7 {[%emt 0:1:3]} 9. Ne5 {[%emt 0:0:2]} Nd7 {[%emt 0:0:0]} 10. Nxd7 {[%emt 0:0:4]} Bxd7 {[%emt 0:0:8]} 11. Bxd6 {[%emt 0:0:3]} Qxd6 {[%emt 0:0:2]} 12. dxc5 {[%emt 0:0:2]} Qxc5 {[%emt 0:0:20]} 13. Bxh7+ {[%emt 0:0:3]} Kxh7 {[%emt 0:1:19]} 14. Qh5+ {[%emt 0:0:2]} Kg8 15. Ne4 Qc4 {[%emt 0:1:21]} 16. Ng5 {[%emt 0:0:27]} Rfd8 {[%emt 0:0:59]} 17. Qxf7+ {[%emt 0:0:3]
} Kh8 {[%emt 0:0:1]} 18. Qh5+ {[%emt 0:1:11]} Kg8 19. Qf7+ {[%emt 0:3:8]
} Kh8 {[%emt 0:0:4]} 20. Rd1 {[%emt 0:0:3]} Qh4 {[%emt 0:0:0]} 21. Nxe6 {[%emt 0:1:9]} Bxe6 {[%emt 0:0:14]} 22. Qxe6 {[%emt 0:0:1]} Re8 {[%emt 0:0:28]} 23. Qh3 {[%emt 0:0:14]} Qxh3 {[%emt 0:0:21]} 24. gxh3 {[%emt 0:0:1]
} Rad8 {[%emt 0:0:1]} 25. Kf1 {[%emt 0:0:40]} Re5 {[%emt 0:0:0]} 26. Rg1 {[%emt 0:0:8]} Rf8 {[%emt 0:0:8]} 27. Rg3 {[%emt 0:0:23]} Ref5 {[%emt 0:0:5]} 28. Rd2 {[%emt 0:0:12]} Ne5 {[%emt 0:0:6]} 29. Kg2 {[%emt 0:0:45]
} Nc4 {[%emt 0:0:16]} 30. Re2 {[%emt 0:0:3]} Nd6 {[%emt 0:0:0]} 31. f3 {[%emt 0:1:21]} R8f6 {[%emt 0:0:21]} 32. h4 {[%emt 0:0:51]} Rh5 {[%emt 0:0:29]} 33. Rg5 {[%emt 0:0:38]} Rf5 {[%emt 0:0:5]} 34. Rxh5+ {[%emt 0:0:33]
} Rxh5 {[%emt 0:0:2]} 35. Kg3 {[%emt 0:0:25]} g6 {[%emt 0:0:0]} 36. Rd2 {[%emt 0:1:56]} Nf5+ {[%emt 0:0:39]} 37. Kf4 {[%emt 0:0:10]} Rxh4+ {[%emt 0:0:56]} 38. Kg5 {[%emt 0:0:10]} Kg7 {[%emt 0:0:30]} 39. e4 {[%emt 0:0:9]
} Rh5+ {[%emt 0:0:21]} 40. Kf4 {[%emt 0:0:15]} Ne7 {[%emt 0:0:0]} 41. c4 {[%emt 0:0:49]} dxe4 {[%emt 0:0:55]} 42. Rd7 {[%emt 0:0:9]} Kf6 {[%emt 0:0:4]} 43. Kxe4 {[%emt 0:0:24]} Nf5 {[%emt 0:1:15]} 44. c5 {[%emt 0:0:51]
} Rxh2 {[%emt 0:1:33]} 45. Rxb7 {[%emt 0:0:2]} Rd2 {[%emt 0:0:0]} 46. f4 {[%emt 0:0:17]} Rd4+ {[%emt 0:0:4]} 47. Kf3 {[%emt 0:0:0]} Rc4 {[%emt 0:0:14]} 48. Rxa7 {[%emt 0:0:24]} Nd4+ {[%emt 0:0:19]} 49. Ke3 {[%emt 0:0:28]
} Ne6 {[%emt 0:0:1]} 50. Ra6 {[%emt 0:0:58]} Rxc5 {[%emt 0:0:0]} 51. a4 {[%emt 0:0:7]} Rc4 {[%emt 0:0:21]} 52. a5 {[%emt 0:1:2]} Ra4 {[%emt 0:0:12]
} 53. Kd3 {[%emt 0:0:49]} Kf5 {[%emt 0:0:6]} 54. Kc3 {[%emt 0:0:0]} Nxf4 {[%emt 0:0:10]} 55. b3 {[%emt 0:0:32]} Nd5+ {[%emt 0:0:20]} 56. Kb2 {[%emt 0:0:1]} Re4 {[%emt 0:0:59]} 57. Rd6 {[%emt 0:0:32]} Nc7 {[%emt 0:0:1]
} 58. Rd7 {[%emt 0:0:51]} Na6 {[%emt 0:0:20]} 59. Ra7 {[%emt 0:0:0]} Re6 {[%emt 0:0:7]} 60. Kc3 {[%emt 0:0:7]} Rc6+ {[%emt 0:0:8]} 61. Kd4 {[%emt 0:0:6]} g5 {[%emt 0:0:2]} 62. Rf7+ {[%emt 0:0:12]} Rf6 {[%emt 0:0:20]
} 63. Rb7 {[%emt 0:0:8]} g4 {[%emt 0:0:3]} 64. Ke3 {[%emt 0:0:0]} Re6+ {[%emt 0:0:36]} 65. Kf2 {[%emt 0:0:1]} Nc5 {[%emt 0:0:21]} 66. Rb5 {[%emt 0:0:25]} Re5 {[%emt 0:0:1]} 67. Kg2 {[%emt 0:0:10]} Na6 {[%emt 0:0:34]
} 68. Rb6 {[%emt 0:0:16]} Rxa5 {[%emt 0:0:7]} 69. Kg3 {[%emt 0:0:8]
} Nc5 {[%emt 0:0:3]} 70. Rb8 {[%emt 0:0:21]} Ne4+ {[%emt 0:0:0]} 71. Kg2 {[%emt 0:0:0]} Ra2+ {[%emt 0:0:3]} 72. Kg1 {[%emt 0:0:3]} Kf4 {[%emt 0:0:2]} 73. Rd8 {[%emt 0:0:7]} Ng5 {[%emt 0:0:9]} 74. b4 {[%emt 0:0:10]
} Nf3+ {[%emt 0:0:1]} 75. Kf1 {[%emt 0:0:1]} 0-1

[Event "FIDE World Rapid-ch Open 2018"]
[White "Makoveev, Ilya"]
[Black "Belozerov, Andrei"]
[Site "St. Petersburg"]
[Round "14.79"]
[Annotator "ChessBase"]
[Result "1-0"]
[Date "2018.12.28"]
[WhiteElo "2257"]
[BlackElo "2528"]
[PlyCount "135"]
[TimeControl "900+10"]

1. e4 c6 2. d4 {[%emt 0:0:0]} d5 {[%emt 0:0:0]} 3. f3 {[%emt 0:0:0]} dxe4 {[%emt 0:0:6]} 4. fxe4 {[%emt 0:0:0]} e5 {[%emt 0:0:2]} 5. Nf3 {[%emt 0:0:0]} Bg4 {[%emt 0:0:1]} 6. Bc4 {[%emt 0:0:42]} Nd7 {[%emt 0:0:2]} 7. c3 {[%emt 0:2:15]} b5 {[%emt 0:0:57]} 8. Bb3 {[%emt 0:3:18]} Ngf6 {[%emt 0:0:0]} 9. 0-0 {[%emt 0:0:26]} Bd6 {[%emt 0:0:9]} 10. Bg5 {[%emt 0:2:19]} 0-0 {[%emt 0:0:26]} 11. Nbd2 {[%emt 0:0:5]} Qc7 {[%emt 0:1:28]} 12. Qe1 {[%emt 0:1:46]
} Bh5 {[%emt 0:0:36]} 13. Qh4 {[%emt 0:0:55]} Bg6 {[%emt 0:0:0]} 14. Rae1 {[%emt 0:1:12]} Rae8 {[%emt 0:0:42]} 15. Kh1 {[%emt 0:1:1]} c5 {[%emt 0:1:7]} 16. dxe5 {[%emt 0:0:52]} Bxe5 {[%emt 0:2:22]} 17. Nxe5 {[%emt 0:0:4]
} Rxe5 {[%emt 0:1:23]} 18. Bf4 {[%emt 0:0:6]} c4 {[%emt 0:0:0]} 19. Bc2 {[%emt 0:0:20]} Qb7 {[%emt 0:1:37]} 20. Bxe5 {[%emt 0:0:5]} Nxe5 {[%emt 0:0:1]} 21. Nf3 {[%emt 0:1:28]} Nd3 {[%emt 0:0:22]} 22. Bxd3 {[%emt 0:0:11]
} cxd3 {[%emt 0:0:1]} 23. Nd2 {[%emt 0:0:47]} Re8 {[%emt 0:0:0]} 24. Rf3 {[%emt 0:0:42]} Bxe4 {[%emt 0:2:2]} 25. Rxf6 {[%emt 0:0:14]} Bxg2+ {[%emt 0:1:2]} 26. Kg1 {[%emt 0:0:0]} Rxe1+ {[%emt 0:0:50]} 27. Qxe1 {[%emt 0:0:1]} gxf6 {[%emt 0:0:3]} 28. Qg3+ {[%emt 0:0:1]} Kf8 {[%emt 0:0:0]} 29. Qxg2 {[%emt 0:0:1]} Qb6+ {[%emt 0:0:15]} 30. Kf1 {[%emt 0:0:26]
} Qe6 {[%emt 0:0:8]} 31. Qa8+ {[%emt 0:0:11]} Kg7 {[%emt 0:0:4]} 32. Qg2+ {[%emt 0:0:1]} Kf8 {[%emt 0:0:2]} 33. Nb3 {[%emt 0:0:28]} Qe3 {[%emt 0:0:0]} 34. Qf2 {[%emt 0:0:12]} Qe4 {[%emt 0:0:11]} 35. Nd2 {[%emt 0:0:17]} Qa4 {[%emt 0:0:54]} 36. a3 {[%emt 0:0:19]} Qd1+ {[%emt 0:0:1]} 37. Qe1 {[%emt 0:0:2]
} Qg4 {[%emt 0:0:4]} 38. Ne4 {[%emt 0:0:22]} Qh3+ {[%emt 0:0:0]} 39. Kg1 {[%emt 0:0:4]} Qg4+ {[%emt 0:0:6]} 40. Ng3 {[%emt 0:0:12]} h5 {[%emt 0:0:13]} 41. Qe4 {[%emt 0:0:10]} Qd1+ {[%emt 0:0:3]} 42. Nf1 {[%emt 0:0:6]
} Qe2 {[%emt 0:0:20]} 43. Qd4 {[%emt 0:0:16]} Kg7 {[%emt 0:0:0]} 44. b4 {[%emt 0:0:8]} Kg6 {[%emt 0:0:32]} 45. Qf2 {[%emt 0:0:7]} a6 {[%emt 0:0:16]
} 46. Ne3 {[%emt 0:0:11]} Qxf2+ {[%emt 0:0:27]} 47. Kxf2 {[%emt 0:0:1]
} Kg5 {[%emt 0:0:1]} 48. Kg3 {[%emt 0:0:12]} f5 {[%emt 0:0:0]} 49. h4+ {[%emt 0:0:1]} Kf6 {[%emt 0:0:1]} 50. Kf4 {[%emt 0:0:12]} d2 {[%emt 0:0:1]} 51. Kf3 {[%emt 0:0:5]} Ke5 {[%emt 0:0:1]} 52. Ke2 {[%emt 0:0:1]
} f4 {[%emt 0:0:2]} 53. Nf1 {[%emt 0:0:9]} Kf5 {[%emt 0:0:0]} 54. Nxd2 {[%emt 0:0:3]} Kg4 {[%emt 0:0:1]} 55. Nf3 {[%emt 0:0:12]} Kg3 {[%emt 0:0:2]} 56. Ne5 {[%emt 0:0:12]} f6 {[%emt 0:0:9]} 57. Nf3 {[%emt 0:0:3]
} Kg2 {[%emt 0:0:4]} 58. Nd2 {[%emt 0:0:30]} Kg3 {[%emt 0:0:0]} 59. c4 {[%emt 0:0:17]} f3+ {[%emt 0:0:55]} 60. Nxf3 bxc4 61. a4 {[%emt 0:0:10]
} c3 {[%emt 0:0:1]} 62. Nd4 {[%emt 0:0:5]} Kf4 {[%emt 0:0:0]} 63. Kd3 {[%emt 0:0:5]} Ke5 {[%emt 0:0:6]} 64. Kxc3 {[%emt 0:0:5]} f5 {[%emt 0:0:1]} 65. Nxf5 {[%emt 0:0:20]} Kxf5 {[%emt 0:0:1]} 66. b5 {[%emt 0:0:1]
} axb5 {[%emt 0:0:2]} 67. a5 {[%emt 0:0:2]} Kg4 {[%emt 0:0:0]} 68. a6 {[%emt 0:0:1]} 1-0

[Event "FIDE World Rapid-ch Open 2018"]
[White "Oganian, Miran"]
[Black "Fakhrutdinov, Timur"]
[Site "St. Petersburg"]
[Round "14.80"]
[Annotator "ChessBase"]
[Result "1-0"]
[Date "2018.12.28"]
[WhiteElo "2423"]
[BlackElo "2481"]
[PlyCount "71"]
[TimeControl "900+10"]

1. d4 {[%emt 0:0:0]} Nf6 {[%emt 0:0:0]} 2. c4 {[%emt 0:0:0]} e6 {[%emt 0:0:0]} 3. g3 {[%emt 0:0:0]} Bb4+ {[%emt 0:0:0]} 4. Bd2 {[%emt 0:0:0]} Be7 {[%emt 0:0:0]} 5. Bg2 {[%emt 0:0:0]} d5 {[%emt 0:0:0]} 6. Nf3 {[%emt 0:0:0]
} 0-0 {[%emt 0:0:0]} 7. 0-0 {[%emt 0:0:0]} c6 {[%emt 0:0:1]
} 8. Qc2 {[%emt 0:0:0]} Nbd7 {[%emt 0:0:6]} 9. Rd1 {[%emt 0:0:8]} b6 {[%emt 0:0:7]
} 10. Bf4 {[%emt 0:0:13]} Ba6 {[%emt 0:0:7]} 11. Ne5 {[%emt 0:0:0]} Rc8 {[%emt 0:0:44]} 12. Nc3 {[%emt 0:0:1]} Bxc4 {[%emt 0:0:32]} 13. Nxc4 {[%emt 0:0:2]} dxc4 {[%emt 0:0:2]} 14. e4 {[%emt 0:0:1]} b5 {[%emt 0:0:39]
} 15. a4 {[%emt 0:0:1]} a6 {[%emt 0:0:6]} 16. axb5 {[%emt 0:0:0]} axb5 {[%emt 0:0:4]} 17. Ra6 {[%emt 0:0:2]} b4 {[%emt 0:3:46]} 18. Na4 {[%emt 0:1:44]} c5 {[%emt 0:2:13]} 19. d5 {[%emt 0:4:36]} e5 {[%emt 0:0:0]} 20. Be3 {[%emt 0:0:4]} Ne8 {[%emt 0:1:0]} 21. d6 {[%emt 0:1:30]} Bg5 {[%emt 0:2:38]} 22. f4 {[%emt 0:1:27]} exf4 {[%emt 0:0:28]} 23. gxf4 {[%emt 0:0:1]
} Bh6 {[%emt 0:0:12]} 24. Qxc4 {[%emt 0:0:24]} Qh4 {[%emt 0:0:0]} 25. Qf1 {[%emt 0:4:4]} Nef6 {[%emt 0:0:14]} 26. Qf2 {[%emt 0:1:18]} Qxf2+ {[%emt 0:3:25]} 27. Kxf2 {[%emt 0:0:2]} Rfe8 {[%emt 0:1:9]} 28. Ra7 {[%emt 0:0:15]} Rcd8 {[%emt 0:0:1]} 29. Ke2 {[%emt 0:2:24]} Nxe4 {[%emt 0:0:0]} 30. Bxe4 {[%emt 0:0:9]} Rxe4 {[%emt 0:0:2]} 31. Rxd7 {[%emt 0:0:0]} Rxd7 {[%emt 0:0:49]} 32. Nxc5 {[%emt 0:0:1]} Rxe3+ {[%emt 0:0:14]} 33. Kxe3 {[%emt 0:0:2]} Rd8 {[%emt 0:0:7]} 34. Nb7 {[%emt 0:1:10]} Rd7 {[%emt 0:0:5]
} 35. Rc1 {[%emt 0:0:12]} g5 {[%emt 0:0:14]} 36. Rc7 {[%emt 0:0:0]} 1-0

[Event "FIDE World Rapid-ch Open 2018"]
[White "Gutenev, Alexander"]
[Black "Hirneise, Jens"]
[Site "St. Petersburg"]
[Round "14.81"]
[Annotator "ChessBase"]
[Result "1-0"]
[Date "2018.12.28"]
[WhiteElo "2456"]
[BlackElo "2371"]
[PlyCount "81"]
[TimeControl "900+10"]

1. e4 {[%emt 0:0:0]} c5 {[%emt 0:0:0]} 2. Nf3 {[%emt 0:0:0]} d6 {[%emt 0:0:0]} 3. d4 {[%emt 0:0:0]} cxd4 {[%emt 0:0:0]} 4. Nxd4 {[%emt 0:0:0]} Nf6 {[%emt 0:0:0]} 5. Nc3 {[%emt 0:0:0]} Bd7 {[%emt 0:0:0]} 6. Bg5 {[%emt 0:0:2]
} e6 {[%emt 0:0:0]} 7. Qd2 {[%emt 0:0:8]} h6 {[%emt 0:0:2]} 8. Be3 {[%emt 0:1:3]} Ng4 {[%emt 0:0:6]} 9. 0-0-0 {[%emt 0:0:17]} Nxe3 {[%emt 0:0:3]
} 10. Qxe3 {[%emt 0:0:1]} a6 {[%emt 0:0:8]} 11. f4 {[%emt 0:0:0]} Nc6 {[%emt 0:0:44]} 12. Kb1 {[%emt 0:0:8]} Qb6 {[%emt 0:0:48]} 13. g3 {[%emt 0:1:57]} Nxd4 {[%emt 0:1:51]} 14. Rxd4 {[%emt 0:0:12]} Be7 {[%emt 0:0:50]
} 15. Qd2 {[%emt 0:0:30]} 0-0 {[%emt 0:1:18]} 16. Bg2 {[%emt 0:0:0]} Bc6 {[%emt 0:0:24]} 17. Rd1 {[%emt 0:0:26]} Rfd8 {[%emt 0:0:21]} 18. g4 {[%emt 0:0:26]} Qc5 {[%emt 0:1:15]} 19. Na4 {[%emt 0:2:13]} Qa7 {[%emt 0:0:0]} 20. Nc3 {[%emt 0:0:3]} b5 {[%emt 0:0:29]} 21. g5 {[%emt 0:0:10]} hxg5 {[%emt 0:0:18]} 22. fxg5 {[%emt 0:0:1]} Qc5 {[%emt 0:0:35]} 23. h4 {[%emt 0:0:27]
} Qe5 {[%emt 0:0:48]} 24. Nd5 {[%emt 0:1:3]} Bf8 {[%emt 0:0:0]} 25. Nf4 {[%emt 0:1:24]} g6 {[%emt 0:0:9]} 26. c3 {[%emt 0:0:38]} Bg7 {[%emt 0:0:45]
} 27. Ka1 {[%emt 0:3:18]} b4 {[%emt 0:2:36]} 28. Rxb4 {[%emt 0:0:0]} a5 {[%emt 0:0:3]} 29. Rc4 {[%emt 0:0:28]} Qb5 {[%emt 0:0:36]} 30. Bf1 {[%emt 0:0:46]} Qb7 {[%emt 0:0:16]} 31. h5 {[%emt 0:0:21]} gxh5 {[%emt 0:1:36]
} 32. Nxh5 {[%emt 0:0:3]} d5 {[%emt 0:0:46]} 33. Nf6+ {[%emt 0:0:14]
} Kf8 {[%emt 0:0:39]} 34. exd5 {[%emt 0:0:10]} exd5 {[%emt 0:0:0]} 35. Rf4 {[%emt 0:0:31]} Rab8 {[%emt 0:0:19]} 36. g6 {[%emt 0:0:44]} Bh6 {[%emt 0:0:1]} 37. Nh7+ {[%emt 0:0:36]} Kg8 {[%emt 0:0:12]} 38. Rxf7 {[%emt 0:0:29]
} Qxf7 {[%emt 0:0:17]} 39. gxf7+ {[%emt 0:0:2]} Kxh7 {[%emt 0:0:0]} 40. Bd3+ {[%emt 0:0:5]} Kg7 {[%emt 0:0:3]} 41. Rg1+ {[%emt 0:0:5]
} 1-0

[Event "FIDE World Rapid-ch Open 2018"]
[White "Yeritsyan, Aram"]
[Black "Iljiushenok, Ilia"]
[Site "St. Petersburg"]
[Round "14.82"]
[Annotator "ChessBase"]
[Result "1-0"]
[Date "2018.12.28"]
[WhiteElo "2372"]
[BlackElo "2533"]
[PlyCount "75"]
[TimeControl "900+10"]

1. e4 {[%emt 0:0:0]} c5 {[%emt 0:0:0]} 2. Nf3 {[%emt 0:0:0]} e6 {[%emt 0:0:0]} 3. d4 {[%emt 0:0:0]} cxd4 {[%emt 0:0:0]} 4. Nxd4 {[%emt 0:0:0]} Nc6 {[%emt 0:0:0]} 5. Nb5 {[%emt 0:0:2]} d6 {[%emt 0:0:3]} 6. c4 {[%emt 0:0:1]
} Nf6 {[%emt 0:0:8]} 7. N1c3 {[%emt 0:0:1]} a6 {[%emt 0:0:0]} 8. Na3 {[%emt 0:0:1]} Be7 {[%emt 0:0:15]} 9. Be2 {[%emt 0:0:1]} 0-0 {[%emt 0:0:4]
} 10. 0-0 {[%emt 0:0:4]} b6 {[%emt 0:0:11]} 11. Be3 {[%emt 0:0:0]} Bb7 {[%emt 0:0:6]} 12. f3 {[%emt 0:0:2]} Ne5 {[%emt 0:1:38]} 13. Rc1 {[%emt 0:0:20]} Ned7 {[%emt 0:0:52]} 14. Qd4 {[%emt 0:0:53]} Qc7 {[%emt 0:0:11]
} 15. b4 {[%emt 0:0:29]} Rfd8 {[%emt 0:0:52]} 16. Rfd1 {[%emt 0:0:7]
} Rab8 {[%emt 0:1:41]} 17. Nc2 {[%emt 0:1:46]} Ba8 {[%emt 0:0:0]} 18. Na1 {[%emt 0:0:18]} Rbc8 {[%emt 0:1:11]} 19. Nb3 {[%emt 0:0:11]} Qb8 {[%emt 0:0:1]} 20. Na4 {[%emt 0:3:21]} Rc6 {[%emt 0:6:26]} 21. Rb1 {[%emt 0:2:16]
} Qb7 {[%emt 0:2:12]} 22. b5 {[%emt 0:2:11]} axb5 {[%emt 0:0:0]} 23. cxb5 {[%emt 0:0:1]} Rc2 {[%emt 0:0:32]} 24. Bd3 {[%emt 0:0:8]} Rc7 {[%emt 0:0:18]} 25. Qb2 {[%emt 0:2:42]} d5 {[%emt 0:0:46]} 26. e5 {[%emt 0:0:14]
} Ne8 {[%emt 0:0:5]} 27. Qf2 {[%emt 0:0:44]} Nxe5 {[%emt 0:0:0]} 28. Bxb6 {[%emt 0:0:30]} Nxd3 {[%emt 0:0:1]} 29. Rxd3 {[%emt 0:0:1]} Rdc8 {[%emt 0:0:41]} 30. Bxc7 {[%emt 0:0:1]} Nxc7 {[%emt 0:0:3]} 31. Nbc5 {[%emt 0:0:5]} Qb8 {[%emt 0:0:13]} 32. b6 {[%emt 0:0:1]} Bc6 {[%emt 0:0:0]} 33. Rdb3 {[%emt 0:0:30]} Bxa4 {[%emt 0:0:20]} 34. bxc7 {[%emt 0:0:10]} Qxc7 {[%emt 0:0:11]} 35. Nxa4 {[%emt 0:0:2]} Ra8 {[%emt 0:0:5]} 36. Nb6 {[%emt 0:0:30]
} Bc5 {[%emt 0:0:8]} 37. Nxa8 {[%emt 0:0:2]} Bxf2+ {[%emt 0:0:0]} 38. Kh1 {[%emt 0:0:1]} 1-0

[Event "FIDE World Rapid-ch Open 2018"]
[White "Sokolov, Andrei"]
[Black "Lintchevski, Daniil"]
[Site "St. Petersburg"]
[Round "14.83"]
[Annotator "ChessBase"]
[Result "1/2-1/2"]
[Date "2018.12.28"]
[WhiteElo "2532"]
[BlackElo "2516"]
[PlyCount "28"]
[TimeControl "900+10"]

1. Nf3 {[%emt 0:0:0]} c5 {[%emt 0:0:0]} 2. c4 {[%emt 0:0:0]} Nc6 {[%emt 0:0:0]
} 3. Nc3 {[%emt 0:0:0]} g6 {[%emt 0:0:1]} 4. e3 {[%emt 0:0:0]} Nf6 {[%emt 0:0:15]} 5. d4 {[%emt 0:0:14]} cxd4 {[%emt 0:0:3]} 6. exd4 {[%emt 0:0:14]} d5 {[%emt 0:0:1]} 7. cxd5 {[%emt 0:0:49]} Nxd5 {[%emt 0:0:0]} 8. Bc4 {[%emt 0:0:26]} Nxc3 {[%emt 0:0:25]} 9. Qb3 {[%emt 0:0:30]} e6 {[%emt 0:0:2]
} 10. bxc3 {[%emt 0:0:3]} Bg7 {[%emt 0:0:1]} 11. Ba3 {[%emt 0:0:13]
} Bf8 {[%emt 0:0:2]} 12. Bc1 {[%emt 0:0:22]} Bg7 {[%emt 0:0:0]} 13. Ba3 {[%emt 0:0:1]} Bf8 {[%emt 0:0:1]} 14. Bc1 {[%emt 0:0:1]} Bg7 {[%emt 0:1:26]} 1/2-1/2

[Event "FIDE World Rapid-ch Open 2018"]
[White "Tsoi, Dmitry"]
[Black "Shinkevich, Vitaly"]
[Site "St. Petersburg"]
[Round "14.84"]
[Annotator "NA"]
[Result "0-1"]
[Date "2018.12.28"]
[WhiteElo "2424"]
[BlackElo "2439"]
[PlyCount "120"]
[TimeControl "900+10"]

1. Nf3 {[%emt 0:0:0]} c5 {[%emt 0:0:0]} 2. g3 {[%emt 0:0:0]} g6 {[%emt 0:0:0]} 3. Bg2 {[%emt 0:0:0]} Bg7 {[%emt 0:0:1]} 4. 0-0 {[%emt 0:0:0]} Nc6 {[%emt 0:0:5]} 5. c4 {[%emt 0:0:7]} Nf6 {[%emt 0:0:15]} 6. Nc3 {[%emt 0:0:3]
} 0-0 {[%emt 0:0:3]} 7. d3 {[%emt 0:0:1]} a6 {[%emt 0:0:10]} 8. Bg5 {[%emt 0:0:12]} Rb8 {[%emt 0:0:8]} 9. Qd2 {[%emt 0:0:5]} b5 {[%emt 0:0:8]
} 10. Bh6 {[%emt 0:0:49]} d6 {[%emt 0:0:28]} 11. Bxg7 {[%emt 0:0:0]} Kxg7 {[%emt 0:0:1]} 12. b3 {[%emt 0:0:25]} Bd7 {[%emt 0:0:3]} 13. Rac1 {[%emt 0:0:49]} Qa5 {[%emt 0:0:16]} 14. Rfd1 {[%emt 0:0:29]} Rfc8 {[%emt 0:1:33]
} 15. Nb1 {[%emt 0:1:36]} Qxd2 {[%emt 0:0:8]} 16. Nfxd2 {[%emt 0:0:34]
} Nd4 {[%emt 0:0:46]} 17. Kf1 {[%emt 0:0:23]} bxc4 {[%emt 0:0:0]} 18. Nxc4 {[%emt 0:0:47]} Be6 {[%emt 0:1:13]} 19. Nc3 {[%emt 0:0:9]} h5 {[%emt 0:0:37]} 20. h3 {[%emt 0:1:2]} h4 {[%emt 0:0:25]} 21. g4 {[%emt 0:0:0]} Nd7 {[%emt 0:0:22]} 22. e3 {[%emt 0:0:10]} Nb5 {[%emt 0:0:17]} 23. Nd5 {[%emt 0:0:27]} Bxd5 {[%emt 0:0:34]} 24. Bxd5 {[%emt 0:0:3]} e6 {[%emt 0:0:1]
} 25. Bg2 {[%emt 0:0:14]} d5 {[%emt 0:0:3]} 26. Nd2 {[%emt 0:0:0]} g5 {[%emt 0:0:41]} 27. Ke2 {[%emt 0:0:18]} f6 {[%emt 0:0:12]} 28. Nb1 {[%emt 0:1:14]} Kf7 {[%emt 0:0:28]} 29. Nc3 {[%emt 0:0:5]} Ke7 {[%emt 0:0:16]
} 30. Na4 {[%emt 0:0:12]} Kd6 {[%emt 0:0:5]} 31. Rd2 {[%emt 0:0:0]} Na3 {[%emt 0:0:16]} 32. Kd1 {[%emt 0:1:26]} Rc7 {[%emt 0:0:5]} 33. Bf1 {[%emt 0:0:4]} f5 {[%emt 0:2:13]} 34. gxf5 {[%emt 0:0:33]} exf5 {[%emt 0:0:1]
} 35. e4 {[%emt 0:0:2]} d4 {[%emt 0:0:45]} 36. exf5 {[%emt 0:0:0]} Rf8 {[%emt 0:0:4]} 37. Be2 {[%emt 0:0:14]} Rxf5 {[%emt 0:1:46]} 38. Bg4 {[%emt 0:0:2]} Re5 {[%emt 0:0:48]} 39. Bxd7 {[%emt 0:0:11]} Rxd7 {[%emt 0:0:5]
} 40. Re2 {[%emt 0:0:3]} Rde7 {[%emt 0:0:49]} 41. Rxe5 {[%emt 0:0:22]
} Rxe5 {[%emt 0:0:2]} 42. Kd2 {[%emt 0:2:14]} Rf5 {[%emt 0:0:0]} 43. Ke2 {[%emt 0:0:1]} Nb5 {[%emt 0:0:3]} 44. Rc4 {[%emt 0:1:47]} Na3 {[%emt 0:0:22]} 45. Rc1 {[%emt 0:0:3]} Nb5 {[%emt 0:0:2]} 46. Rc4 {[%emt 0:0:1]
} a5 {[%emt 0:0:31]} 47. Rc1 {[%emt 0:0:8]} Nc7 {[%emt 0:0:0]} 48. Nb2 {[%emt 0:1:8]} Nd5 {[%emt 0:0:1]} 49. Nc4+ {[%emt 0:0:3]} Kd7 {[%emt 0:0:4]} 50. Ra1 {[%emt 0:1:30]} Nf4+ {[%emt 0:0:44]} 51. Kf3 {[%emt 0:0:1]
} Ke6 {[%emt 0:0:2]} 52. Nxa5 {[%emt 0:0:39]} Nxh3+ {[%emt 0:0:0]} 53. Kg2 {[%emt 0:0:2]} g4 {[%emt 0:0:20]} 54. Rf1 {[%emt 0:0:17]} Nf4+ {[%emt 0:0:4]} 55. Kg1 {[%emt 0:0:1]} Nxd3 {[%emt 0:0:7]} 56. a4 {[%emt 0:0:2]
} h3 {[%emt 0:0:18]} 57. Rd1 {[%emt 0:0:28]} Nxf2 {[%emt 0:0:0]} 58. Re1+ {[%emt 0:0:1]} Kd5 {[%emt 0:0:20]} 59. Kh2 {[%emt 0:0:15]} Ne4 {[%emt 0:0:10]} 60. Re2 {[%emt 0:0:13]} d3 {[%emt 0:0:7]} 0-1

[Event "FIDE World Rapid-ch Open 2018"]
[White "Zablotsky, Sergei"]
[Black "Drygalov, Sergey"]
[Site "St. Petersburg"]
[Round "14.85"]
[Annotator "ChessBase"]
[Result "1-0"]
[Date "2018.12.28"]
[WhiteElo "2511"]
[BlackElo "2446"]
[PlyCount "83"]
[TimeControl "900+10"]

1. Nf3 {[%emt 0:0:0]} Nf6 {[%emt 0:0:0]} 2. g3 {[%emt 0:0:0]} d5 {[%emt 0:0:1]
} 3. Bg2 {[%emt 0:0:0]} c6 {[%emt 0:0:1]} 4. 0-0 {[%emt 0:0:0]} Bf5 {[%emt 0:0:2]} 5. d3 {[%emt 0:0:5]} h6 {[%emt 0:0:7]} 6. c4 {[%emt 0:0:8]
} e6 {[%emt 0:0:3]} 7. Nc3 {[%emt 0:0:3]} Be7 {[%emt 0:0:9]
} 8. cxd5 {[%emt 0:0:14]} exd5 {[%emt 0:0:15]} 9. Qb3 {[%emt 0:0:7]} Qb6 {[%emt 0:1:32]
} 10. Qc2 {[%emt 0:0:2]} Nbd7 {[%emt 0:1:34]} 11. e4 {[%emt 0:0:0]} dxe4 {[%emt 0:0:12]} 12. dxe4 {[%emt 0:0:1]} Bh7 {[%emt 0:0:1]} 13. Be3 {[%emt 0:0:5]} Qa5 {[%emt 0:0:22]} 14. a3 {[%emt 0:0:32]} 0-0 {[%emt 0:3:3]
} 15. b4 {[%emt 0:0:10]} Qc7 {[%emt 0:0:42]} 16. Bf4 {[%emt 0:0:0]} Bd6 {[%emt 0:0:21]} 17. Bxd6 {[%emt 0:0:24]} Qxd6 {[%emt 0:0:2]} 18. Rad1 {[%emt 0:1:9]} Qe7 {[%emt 0:0:5]} 19. Rfe1 {[%emt 0:0:3]} a5 {[%emt 0:0:24]
} 20. Qb3 {[%emt 0:0:3]} axb4 {[%emt 0:0:12]} 21. axb4 {[%emt 0:0:2]
} Nb6 {[%emt 0:1:56]} 22. Nd4 {[%emt 0:2:37]} Rfd8 {[%emt 0:0:0]} 23. e5 {[%emt 0:1:18]} Nfd5 {[%emt 0:0:37]} 24. Nxd5 {[%emt 0:2:25]} Nxd5 {[%emt 0:0:26]} 25. e6 {[%emt 0:0:43]} f6 {[%emt 0:0:38]} 26. b5 {[%emt 0:1:17]
} c5 {[%emt 0:2:15]} 27. Bxd5 {[%emt 0:0:25]} cxd4 {[%emt 0:0:0]} 28. Bxb7 {[%emt 0:1:25]} Ra3 {[%emt 0:0:25]} 29. Qb2 {[%emt 0:0:18]} d3 {[%emt 0:1:52]} 30. b6 {[%emt 0:1:34]} Ra4 {[%emt 0:0:2]} 31. Qc3 {[%emt 0:0:0]} Bf5 {[%emt 0:1:32]} 32. Bc8 {[%emt 0:1:4]} Ra3 {[%emt 0:0:21]} 33. Qc4 {[%emt 0:0:26]} d2 {[%emt 0:0:9]} 34. Re3 {[%emt 0:0:30]} Rxe3 {[%emt 0:0:35]
} 35. fxe3 {[%emt 0:0:1]} Bg4 {[%emt 0:0:7]} 36. Qxg4 {[%emt 0:0:17]
} Rxc8 {[%emt 0:0:2]} 37. Rxd2 {[%emt 0:0:5]} Qc5 {[%emt 0:0:0]} 38. Qd4 {[%emt 0:1:30]} Qh5 {[%emt 0:0:3]} 39. b7 {[%emt 0:0:38]} Rc1+ {[%emt 0:0:8]} 40. Kg2 {[%emt 0:0:1]} Qb5 {[%emt 0:0:13]} 41. Qd8+ {[%emt 0:0:8]
} Kh7 {[%emt 0:0:2]} 42. Qd3+ {[%emt 0:0:3]} 1-0